[Event "42. Torneo Capablanca In Memoriam-Open"]
[Site "La Habana CUB"]
[Date "2007.05.26"]
[Round "8.41"]
[White "Frometa Castillo, Zirka"]
[Black "Corrales Jimenez, Zenia"]
[Result "1-0"]
[WhiteElo "2164"]
[BlackElo "2185"]
[PlyCount "61"]
[EventDate "2007.05.18"]
[EventType "swiss"]
[EventRounds "9"]
[EventCountry "CUB"]
[Source "lmi"]
[SourceDate "2007.05.18"]

1. d4 d5 2. Bf4 Nf6 3. e3 g6 4. Bd3 Bg7 5. Nd2 Nbd7 6. c3 Nh5 7. Bg5 c6 8. g4
Nhf6 9. Bf4 h6 10. h3 Nf8 11. Ngf3 Ne6 12. Bg3 Bd7 13. Ne5 Nf8 14. Qc2 b5 15.
Ndf3 g5 16. O-O-O Qb6 17. h4 Nxg4 18. hxg5 hxg5 19. Rxh8 Bxh8 20. Nxd7 Nxd7 21.
Bf5 Ngf6 22. Nxg5 Nf8 23. Be5 e6 24. Bd3 Qb7 25. e4 Ng6 26. Bg3 Qe7 27. exd5
O-O-O 28. dxe6 fxe6 29. Bxg6 Rg8 30. f4 Nd5 31. Re1 1-0

[Event "42. Torneo Capablanca In Memoriam-Open"]
[Site "La Habana CUB"]
[Date "2007.05.26"]
[Round "8.42"]
[White "Infante, Brian"]
[Black "Beltre, Pedro"]
[Result "1-0"]
[WhiteElo "2114"]
[BlackElo "1966"]
[PlyCount "39"]
[EventDate "2007.05.18"]
[EventType "swiss"]
[EventRounds "9"]
[EventCountry "CUB"]
[Source "lmi"]
[SourceDate "2007.05.18"]

1. d4 Nf6 2. c4 e5 3. dxe5 Ng4 4. Nf3 Bc5 5. e3 Nc6 6. Nc3 Ngxe5 7. Nxe5 Nxe5
8. Ne4 Be7 9. Be2 O-O 10. O-O d6 11. Nc3 c6 12. e4 Be6 13. f4 Qb6+ 14. Kh1 Nxc4
15. f5 Nxb2 16. Qc2 Bd7 17. Bxb2 Rad8 18. Na4 Qe3 19. Rf3 Qh6 20. Rh3 1-0

[Event "42. Torneo Capablanca In Memoriam-Open"]
[Site "La Habana CUB"]
[Date "2007.05.27"]
[Round "9.2"]
[White "Otero, Diasmany"]
[Black "Pozo Vera, Sandro"]
[Result "1-0"]
[WhiteElo "2366"]
[BlackElo "2448"]
[PlyCount "153"]
[EventDate "2007.05.18"]
[EventType "swiss"]
[EventRounds "9"]
[EventCountry "CUB"]
[Source "lmi"]
[SourceDate "2007.05.18"]

1. d4 d5 2. Nf3 Nf6 3. c4 c6 4. e3 Bf5 5. Nc3 e6 6. Nh4 Bg6 7. Nxg6 hxg6 8. g3
Nbd7 9. Bg2 Bb4 10. O-O Qa5 11. cxd5 exd5 12. Bd2 O-O 13. a3 Bxc3 14. Bxc3 Qc7
15. f3 Rfe8 16. Re1 Rad8 17. Rc1 Nf8 18. Qa4 Ne6 19. Ba5 b6 20. Bd2 Rc8 21. b4
Qb7 22. Rc3 c5 23. bxc5 bxc5 24. dxc5 Nxc5 25. Qb4 Qxb4 26. axb4 Na4 27. Rxc8
Rxc8 28. Rc1 Rxc1+ 29. Bxc1 Nd7 30. Kf2 Ne5 31. Bd2 Kf8 32. Ke2 Nc4 33. f4 Nab6
34. Bc3 f6 35. Kd3 Ke7 36. Bd4 Ke6 37. e4 dxe4+ 38. Bxe4 Nd6 39. Bxg6 Nd5 40.
Bc5 Ne7 41. Bh5 Nec8 42. Bg4+ f5 43. Bf3 Nb6 44. Bc6 Nf7 45. Kd4 Nd6 46. h3
Ndc8 47. g4 Ne7 48. Bf3 Nbc8 49. Bb7 Nd6 50. Ba6 Nc6+ 51. Kd3 g6 52. b5 Ne4 53.
Bc8+ Kd5 54. Ba3 Nd8 55. gxf5 gxf5 56. Bxf5 Nc5+ 57. Ke3 Nf7 58. Bxc5 Kxc5 59.
Bd3 Kd5 60. h4 Nh6 61. h5 Ng4+ 62. Kf3 Nh6 63. Kg3 Ke6 64. Be4 Kf6 65. Kf3 Nf7
66. Ke3 Nd6 67. Bd3 Kg7 68. Kd4 Kh6 69. Kd5 Ne8 70. Be2 Nf6+ 71. Kc6 Ne4 72.
Bf3 Nd2 73. Bg4 Ne4 74. Kb7 Nd6+ 75. Ka6 Kg7 76. Be2 Kh6 77. Kxa7 1-0

[Event "42. Torneo Capablanca In Memoriam-Open"]
[Site "La Habana CUB"]
[Date "2007.05.27"]
[Round "9.3"]
[White "Hernandez Carmenates, Holden"]
[Black "Colovic, Aleksandar"]
[Result "1-0"]
[WhiteElo "2541"]
[BlackElo "2463"]
[PlyCount "77"]
[EventDate "2007.05.18"]
[EventType "swiss"]
[EventRounds "9"]
[EventCountry "CUB"]
[Source "lmi"]
[SourceDate "2007.05.18"]

1. e4 c5 2. Nc3 d6 3. f4 g6 4. d4 cxd4 5. Qxd4 Nf6 6. Bd3 Nc6 7. Qf2 Bg7 8. h3
O-O 9. Nf3 Qa5 10. O-O Bd7 11. a3 Rac8 12. Bd2 Qd8 13. Rae1 Ne8 14. e5 e6 15.
Kh1 b6 16. b4 Ne7 17. Ne4 Ba4 18. Rc1 Bh6 19. b5 a6 20. bxa6 dxe5 21. fxe5 Nd5
22. Qe2 Nec7 23. Rb1 b5 24. Nc5 Ra8 25. Nxa4 bxa4 26. Rb7 Qc8 27. Rfb1 Rd8 28.
a7 Bf8 29. c4 Ne7 30. Ba5 Na6 31. Bxd8 Qxd8 32. Be4 Nf5 33. Kh2 Nd4 34. Qf2
Nxf3+ 35. Qxf3 f5 36. exf6 Qd4 37. Bxg6 Rxa7 38. Rxa7 Qxa7 39. Qg4 1-0

[Event "42. Torneo Capablanca In Memoriam-Open"]
[Site "La Habana CUB"]
[Date "2007.05.27"]
[Round "9.4"]
[White "Needleman, Gaston"]
[Black "Corrales Jimenez, Fidel"]
[Result "1-0"]
[WhiteElo "2416"]
[BlackElo "2479"]
[PlyCount "95"]
[EventDate "2007.05.18"]
[EventType "swiss"]
[EventRounds "9"]
[EventCountry "CUB"]
[Source "lmi"]
[SourceDate "2007.05.18"]

1. e4 c5 2. Nf3 d6 3. d4 cxd4 4. Nxd4 Nf6 5. Nc3 a6 6. Be3 e6 7. f4 Nc6 8. Qf3
Bd7 9. O-O-O Qc7 10. g4 Nxd4 11. Rxd4 Bc6 12. g5 Nd7 13. Bh3 g6 14. Rhd1 Nc5
15. Qe2 O-O-O 16. b4 Na4 17. Nxa4 Bxa4 18. Rc4 Bc6 19. Bd4 Rg8 20. Qe3 Kb8 21.
Ba7+ Ka8 22. Bb6 Qd7 23. Bxd8 Qxd8 24. Bf1 Be7 25. Rc3 Kb8 26. Bxa6 e5 27. h4
exf4 28. Qxf4 h6 29. Bc4 hxg5 30. Qxf7 Rf8 31. Qxg6 gxh4 32. Kb1 Bf6 33. Rf3
Qe7 34. Bd5 Be8 35. Qg4 Qe5 36. c3 Kc7 37. Rd4 Bd7 38. Qg1 h3 39. Rd2 Rh8 40.
Rh2 Rh4 41. Qf2 Rh6 42. a4 b6 43. a5 bxa5 44. bxa5 Bg4 45. Rg3 Be6 46. Qb6+ Kc8
47. Bb7+ Kd7 48. Bc6+ 1-0

[Event "42. Torneo Capablanca In Memoriam-Open"]
[Site "La Habana CUB"]
[Date "2007.05.27"]
[Round "9.5"]
[White "Martinez, Lelys"]
[Black "Zambrana, Oswaldo"]
[Result "0-1"]
[WhiteElo "2400"]
[BlackElo "2495"]
[PlyCount "120"]
[EventDate "2007.05.18"]
[EventType "swiss"]
[EventRounds "9"]
[EventCountry "CUB"]
[Source "lmi"]
[SourceDate "2007.05.18"]

1. e4 c5 2. Nf3 d6 3. d4 cxd4 4. Nxd4 Nf6 5. Nc3 a6 6. Be2 e5 7. Nb3 Be7 8. O-O
O-O 9. Kh1 b6 10. Be3 Bb7 11. f3 b5 12. Qd2 Nbd7 13. a3 Rc8 14. Rfd1 Qc7 15.
Bf1 Ba8 16. Qf2 Rb8 17. Nc1 Nb6 18. N1a2 Nc4 19. Bxc4 Qxc4 20. Ba7 Rbc8 21. Bb6
Qe6 22. Nb4 Nd7 23. Nbd5 f5 24. exf5 Rxf5 25. Nc7 Qf7 26. Nxa8 Rxa8 27. Bc7 Qe6
28. Rd2 Rc8 29. Qa7 Rf7 30. Bxd6 Bg5 31. Rd3 Nc5 32. Qxc5 Rxc5 33. Bxc5 Qc4 34.
Bg1 h6 35. Re1 Kh7 36. Rxe5 Bc1 37. b3 Qc8 38. Bc5 Bb2 39. b4 Rd7 40. Red5 Rxd5
41. Nxd5 Qe6 42. Be3 Qc6 43. Bc5 a5 44. Nf4 a4 45. h4 Qe8 46. Re3 Qd8 47. g3
Qd1+ 48. Kg2 Bc1 49. Re7 Bxa3 50. Ne6 Qxc2+ 51. Kh3 Qf5+ 52. Kg2 Bb2 53. g4
Qc2+ 54. Kh3 Qd1 55. Nf8+ Kg8 56. Kg3 Qd8 57. Re2 a3 58. h5 Bf6 59. Ng6 Qa8 60.
Ba7 Qxa7 0-1

[Event "42. Torneo Capablanca In Memoriam-Open"]
[Site "La Habana CUB"]
[Date "2007.05.27"]
[Round "9.6"]
[White "Leon Hoyos, Manuel"]
[Black "Abreu Delgado, Aryam"]
[Result "1-0"]
[WhiteElo "2454"]
[BlackElo "2498"]
[PlyCount "75"]
[EventDate "2007.05.18"]
[EventType "swiss"]
[EventRounds "9"]
[EventCountry "CUB"]
[Source "lmi"]
[SourceDate "2007.05.18"]

1. d4 d5 2. c4 dxc4 3. e4 e5 4. Nf3 exd4 5. Bxc4 Bb4+ 6. Nbd2 Nc6 7. O-O Nf6 8.
e5 Nd5 9. Nb3 Nb6 10. Bg5 Be7 11. Bxe7 Qxe7 12. Bb5 Bd7 13. Bxc6 Bxc6 14. Nfxd4
Bd5 15. Qg4 O-O 16. f4 g6 17. Rae1 f5 18. exf6 Qxf6 19. f5 Bc4 20. Rf3 Bd5 21.
Rff1 Bc4 22. Rf3 Bd5 23. Rfe3 Kh8 24. Re7 gxf5 25. Nxf5 Rf7 26. Re8+ Rf8 27.
R8e7 Rf7 28. Re8+ Rf8 29. Rxa8 Nxa8 30. Re7 Bxg2 31. Nbd4 Bd5 32. Rxh7+ Kxh7
33. Qh5+ Kg8 34. Nh6+ Qxh6 35. Qxh6 Rf7 36. Nf5 Nb6 37. Qg5+ Kh7 38. Qh5+ 1-0

[Event "42. Torneo Capablanca In Memoriam-Open"]
[Site "La Habana CUB"]
[Date "2007.05.27"]
[Round "9.8"]
[White "Iturrizaga, Eduardo"]
[Black "Borges Mateos, Juan"]
[Result "1/2-1/2"]
[WhiteElo "2398"]
[BlackElo "2482"]
[PlyCount "27"]
[EventDate "2007.05.18"]
[EventType "swiss"]
[EventRounds "9"]
[EventCountry "CUB"]
[Source "lmi"]
[SourceDate "2007.05.18"]

1. e4 c5 2. Nc3 e6 3. f4 Nc6 4. Nf3 a6 5. g3 d6 6. Bg2 Nf6 7. O-O Be7 8. d3 O-O
9. h3 b5 10. Ne2 Bb7 11. g4 Re8 12. Ng3 Nd7 13. g5 Bf8 14. h4 1/2-1/2

[Event "42. Torneo Capablanca In Memoriam-Open"]
[Site "La Habana CUB"]
[Date "2007.05.27"]
[Round "9.10"]
[White "Gonzalez Vidal, Yuri"]
[Black "Gomez Garrido, Camilo"]
[Result "1/2-1/2"]
[WhiteElo "2493"]
[BlackElo "2413"]
[PlyCount "37"]
[EventDate "2007.05.18"]
[EventType "swiss"]
[EventRounds "9"]
[EventCountry "CUB"]
[Source "lmi"]
[SourceDate "2007.05.18"]

1. e4 c5 2. Nf3 d6 3. d4 cxd4 4. Nxd4 Nf6 5. Nc3 a6 6. Be3 e5 7. Nf3 Be7 8. Bc4
h6 9. O-O Be6 10. Bb3 Nc6 11. Nh4 O-O 12. h3 Rc8 13. Qf3 Nd4 14. Bxd4 exd4 15.
Ne2 Bxb3 16. cxb3 Nxe4 17. Qxe4 d5 18. Qxd4 Bxh4 19. Nc3 1/2-1/2

[Event "42. Torneo Capablanca In Memoriam-Open"]
[Site "La Habana CUB"]
[Date "2007.05.27"]
[Round "9.11"]
[White "Vera Gonzalez-Quevedo, Reynaldo"]
[Black "Duarte, Leonardo"]
[Result "1-0"]
[WhiteElo "2481"]
[BlackElo "2420"]
[PlyCount "73"]
[EventDate "2007.05.18"]
[EventType "swiss"]
[EventRounds "9"]
[EventCountry "CUB"]
[Source "lmi"]
[SourceDate "2007.05.18"]

1. d4 Nf6 2. Nf3 c5 3. d5 b5 4. Bg5 Ne4 5. Bf4 Bb7 6. Qd3 f5 7. Nc3 c4 8. Qd4
Qa5 9. g4 b4 10. Nxe4 fxe4 11. Nd2 Qxd5 12. Qxd5 Bxd5 13. Bg2 e6 14. Nxe4 Nc6
15. e3 Be7 16. O-O O-O-O 17. Nd6+ Bxd6 18. Bxd6 Bxg2 19. Kxg2 a5 20. a3 Kb7 21.
axb4 axb4 22. Ra4 Ra8 23. Rfa1 Rxa4 24. Rxa4 Kb6 25. b3 Kb5 26. f4 h5 27. g5 g6
28. e4 Rg8 29. h4 cxb3 30. cxb3 Na5 31. Rxb4+ Kc6 32. Rb8 Rg7 33. Be5 Rf7 34.
Rc8+ Kb5 35. Rg8 Nxb3 36. Rxg6 Nd2 37. Rg8 1-0

[Event "42. Torneo Capablanca In Memoriam-Open"]
[Site "La Habana CUB"]
[Date "2007.05.27"]
[Round "9.12"]
[White "Rasmussen, Karsten"]
[Black "Larduet Despaigne, Carlos"]
[Result "1/2-1/2"]
[WhiteElo "2462"]
[BlackElo "2286"]
[PlyCount "132"]
[EventDate "2007.05.18"]
[EventType "swiss"]
[EventRounds "9"]
[EventCountry "CUB"]
[Source "lmi"]
[SourceDate "2007.05.18"]

1. c4 c5 2. Nf3 Nf6 3. Nc3 e6 4. g3 b6 5. Bg2 Bb7 6. O-O d6 7. Re1 Be7 8. e4 a6
9. d4 cxd4 10. Nxd4 Qc7 11. Be3 O-O 12. Rc1 Nbd7 13. f4 Rfe8 14. Nd5 exd5 15.
cxd5 Qb8 16. Nc6 Bxc6 17. dxc6 Nc5 18. c7 Qxc7 19. e5 dxe5 20. Bxa8 e4 21. b4
Rxa8 22. bxc5 Bxc5 23. Bxc5 bxc5 24. Qe2 h5 25. Rc4 Rd8 26. Rec1 Rd5 27. Qe3
Qa5 28. Rxc5 Qxa2 29. Rxd5 Qxd5 30. Qc5 Qd2 31. Qc3 Qe2 32. Re1 Qb5 33. Kg2 Kh7
34. Qe5 Qd3 35. Qf5+ Kh6 36. Kh3 Qc2 37. Ra1 Qe2 38. Rb1 a5 39. Rb7 g6 40. Qg5+
Kg7 41. f5 Qg4+ 42. Qxg4 hxg4+ 43. Kg2 gxf5 44. Kf2 Nd5 45. Rb5 Ne7 46. Rb6 a4
47. Ra6 Ng6 48. Ke3 Kh6 49. Rf6 Kg5 50. Rxf7 Ne5 51. Rg7+ Kf6 52. Ra7 a3 53.
Ra4 Kg5 54. Kf2 Nf3 55. Rxa3 Nxh2 56. Ra8 Nf3 57. Ke3 Ne5 58. Rh8 Ng6 59. Rh7
Ne5 60. Rg7+ Kf6 61. Rg8 Ng6 62. Ra8 Ne5 63. Rf8+ Kg5 64. Rc8 Kf6 65. Rc5 Ng6
66. Rc1 Ne5 1/2-1/2

[Event "42. Torneo Capablanca In Memoriam-Open"]
[Site "La Habana CUB"]
[Date "2007.05.27"]
[Round "9.13"]
[White "Mateo, Ramon"]
[Black "Blanco, Humberto"]
[Result "1-0"]
[WhiteElo "2448"]
[BlackElo "2405"]
[PlyCount "79"]
[EventDate "2007.05.18"]
[EventType "swiss"]
[EventRounds "9"]
[EventCountry "CUB"]
[Source "lmi"]
[SourceDate "2007.05.18"]

1. d4 d5 2. c4 c6 3. Qc2 Nf6 4. Nf3 g6 5. cxd5 cxd5 6. Bg5 Bg7 7. Nc3 O-O 8. e3
Nc6 9. Be2 e6 10. O-O Qe7 11. Ne5 Bd7 12. f4 Rfc8 13. Qd2 Be8 14. Ng4 h5 15.
Ne5 Qf8 16. Bd3 Nd7 17. Bh4 Qd6 18. a3 Nf8 19. Rad1 f6 20. Nf3 Nd7 21. e4 dxe4
22. Nxe4 Qe7 23. Rfe1 Nb6 24. b4 Bf7 25. Nc5 Nd8 26. f5 gxf5 27. Bxf5 Nd5 28.
Be4 Qf8 29. Bxd5 exd5 30. Qf4 Be8 31. Qf5 Qf7 32. Re3 b6 33. Rde1 Nc6 34. Ne6
Ne7 35. Qd3 Bh6 36. R3e2 a6 37. Nd8 Qg6 38. Qxg6+ Bxg6 39. Rxe7 Rxd8 40. Bxf6
1-0

[Event "42. Torneo Capablanca In Memoriam-Open"]
[Site "La Habana CUB"]
[Date "2007.05.27"]
[Round "9.14"]
[White "Ortiz Suarez, Isam"]
[Black "Prasca, Raphael"]
[Result "1-0"]
[WhiteElo "2387"]
[BlackElo "2439"]
[PlyCount "141"]
[EventDate "2007.05.18"]
[EventType "swiss"]
[EventRounds "9"]
[EventCountry "CUB"]
[Source "lmi"]
[SourceDate "2007.05.18"]

1. e4 e6 2. d4 d5 3. Nc3 Nf6 4. e5 Nfd7 5. f4 c5 6. Nf3 Nc6 7. Be3 a6 8. Qd2 b5
9. a3 Bb7 10. Ne2 Be7 11. dxc5 Nxc5 12. Ned4 Ne4 13. Qc1 Rc8 14. c3 Na5 15. Bd3
Nc4 16. O-O g6 17. Nc2 Nxe3 18. Qxe3 Nc5 19. Ncd4 Qb6 20. Kh1 Qc7 21. Bc2 Qb6
22. Bd3 Qc7 23. Bc2 Qb6 24. Rab1 Nd7 25. Rfc1 Nc5 26. Re1 h5 27. b4 Ne4 28.
Bxe4 dxe4 29. Nd2 O-O 30. Rbc1 Rfd8 31. Nxe4 Bxe4 32. Qxe4 Rc4 33. Red1 Bf8 34.
Qf3 Rcc8 35. Ne2 Rxd1+ 36. Rxd1 Qc7 37. Rd4 Qb6 38. Ng3 h4 39. Ne2 Qc7 40. Qd3
Qc6 41. h3 Be7 42. Kh2 Kf8 43. Qd2 Ke8 44. Qe3 Rd8 45. Qd3 Rc8 46. Qe4 Qc7 47.
Rd3 Rd8 48. Kg1 Rxd3 49. Qxd3 Bd8 50. Kf1 Qc8 51. Nd4 Bb6 52. Nf3 Bd8 53. Nd2
Qd7 54. Ke2 Qc6 55. Qf3 Kd7 56. Qxc6+ Kxc6 57. Ne4 Kd5 58. Kd3 Be7 59. Nf6+ Kc6
60. c4 Kb6 61. Ne4 Kc6 62. Kd4 Bd8 63. Ng5 bxc4 64. Nxf7 Bb6+ 65. Kxc4 Be3 66.
Nh8 g5 67. fxg5 Bxg5 68. a4 Bf4 69. Ng6 Bg3 70. Nf8 Bxe5 71. Nxe6 1-0

[Event "42. Torneo Capablanca In Memoriam-Open"]
[Site "La Habana CUB"]
[Date "2007.05.27"]
[Round "9.15"]
[White "Fernandez, Alexey"]
[Black "Perez Mitjans, Orelvis"]
[Result "1-0"]
[WhiteElo "2414"]
[BlackElo "2433"]
[PlyCount "71"]
[EventDate "2007.05.18"]
[EventType "swiss"]
[EventRounds "9"]
[EventCountry "CUB"]
[Source "lmi"]
[SourceDate "2007.05.18"]

1. e4 c5 2. Nf3 d6 3. d4 cxd4 4. Nxd4 Nf6 5. Nc3 g6 6. Be3 Bg7 7. f3 O-O 8. Qd2
Nc6 9. g4 e5 10. Nde2 Be6 11. O-O-O Ne8 12. h4 Qa5 13. Kb1 Nc7 14. h5 Rfd8 15.
Nc1 Nd4 16. Bh6 Nxf3 17. Qe3 Bxh6 18. Qxh6 Rd7 19. Bd3 b5 20. Nd5 Nxd5 21. exd5
Bxd5 22. hxg6 fxg6 23. Bxg6 Nd2+ 24. Rxd2 Bxh1 25. Bf5 Rg7 26. Qxh1 Qxd2 27.
Qxa8+ Kf7 28. Qd8 h5 29. Bd7 hxg4 30. Qe8+ Kf6 31. Qe6+ Kg5 32. Qxg4+ Kf6 33.
Qf5+ Ke7 34. Qe6+ Kd8 35. Qe8+ Kc7 36. Qc8+ 1-0

[Event "42. Torneo Capablanca In Memoriam-Open"]
[Site "La Habana CUB"]
[Date "2007.05.27"]
[Round "9.17"]
[White "Diamant, Andre"]
[Black "Gongora Reyes, Maikel"]
[Result "0-1"]
[WhiteElo "2384"]
[BlackElo "2422"]
[PlyCount "108"]
[EventDate "2007.05.18"]
[EventType "swiss"]
[EventRounds "9"]
[EventCountry "CUB"]
[Source "lmi"]
[SourceDate "2007.05.18"]

1. e4 e5 2. Nf3 Nc6 3. Bb5 Nf6 4. O-O Nxe4 5. d4 Nd6 6. Bxc6 dxc6 7. dxe5 Nf5
8. Qxd8+ Kxd8 9. Rd1+ Ke8 10. Nc3 Ne7 11. h3 Ng6 12. b3 Bd7 13. a4 a5 14. Ba3
Bxa3 15. Rxa3 Ke7 16. Ne4 b6 17. Re1 Rad8 18. Raa1 h5 19. Ng3 h4 20. Ne4 Bf5
21. Re3 Rd7 22. Kh2 c5 23. Rae1 Rh5 24. Kg1 Rh6 25. Kh2 Nf4 26. Nfg5 Rg6 27.
Rf3 Nxg2 28. Rg1 Bxe4 29. Nxe4 Rd4 30. Nc3 Nf4 31. Rxf4 Rxg1 32. Kxg1 Rxf4 33.
Nd5+ Ke6 34. Nxf4+ Kxe5 35. Ne2 c4 36. bxc4 Kd6 37. Nc3 Kc5 38. Nb5 Kxc4 39.
Nxc7 Kb4 40. Nd5+ Kc5 41. Ne3 Kb4 42. Kf1 Kxa4 43. Ke2 Kb4 44. Kd2 Kc5 45. Kc3
b5 46. Kb3 g5 47. Nf5 Kd5 48. Nh6 Ke6 49. c4 bxc4+ 50. Kxc4 f5 51. Kb5 Kf6 52.
f3 Kg6 53. Ng8 g4 54. Ne7+ Kg5 0-1

[Event "42. Torneo Capablanca In Memoriam-Open"]
[Site "La Habana CUB"]
[Date "2007.05.27"]
[Round "9.18"]
[White "Ruiz, Orlen"]
[Black "Cordova, Emilio"]
[Result "0-1"]
[WhiteElo "2321"]
[BlackElo "2507"]
[PlyCount "34"]
[EventDate "2007.05.18"]
[EventType "swiss"]
[EventRounds "9"]
[EventCountry "CUB"]
[Source "lmi"]
[SourceDate "2007.05.18"]

1. e4 c5 2. Nf3 a6 3. Nc3 d6 4. d4 cxd4 5. Nxd4 Nf6 6. Bc4 e6 7. Bb3 b5 8. Bg5
Bb7 9. Qe2 h6 10. Bxf6 Qxf6 11. Ncxb5 Kd8 12. Nxd6 Bxd6 13. O-O-O Ke7 14. g3
Rd8 15. Qc4 Rc8 16. Qd3 Be5 17. Qe3 Nc6 0-1

[Event "42. Torneo Capablanca In Memoriam-Open"]
[Site "La Habana CUB"]
[Date "2007.05.27"]
[Round "9.19"]
[White "De La Paz Perdomo, Frank"]
[Black "Cabrera Trujillo, Jorge"]
[Result "1-0"]
[WhiteElo "2474"]
[BlackElo "2334"]
[PlyCount "80"]
[EventDate "2007.05.18"]
[EventType "swiss"]
[EventRounds "9"]
[EventCountry "CUB"]
[Source "lmi"]
[SourceDate "2007.05.18"]

1. e4 c5 2. Nf3 d6 3. d4 cxd4 4. Nxd4 Nf6 5. Nc3 a6 6. Be3 e5 7. Nb3 Be6 8. Qd2
Nbd7 9. f4 Rc8 10. O-O-O b5 11. Kb1 Qc7 12. h3 Nb6 13. Bxb6 Qxb6 14. Bd3 Be7
15. Nd5 Nxd5 16. exd5 Bd7 17. Rhe1 Bf6 18. g4 g6 19. fxe5 dxe5 20. Qh6 Qf2 21.
g5 Qf4 22. h4 Rg8 23. Rf1 Bg7 24. Qxh7 Kf8 25. Rxf4 exf4 26. Rf1 Rh8 27. Qxh8+
Bxh8 28. Rxf4 Be5 29. Rf3 Bg4 30. Re3 Bd6 31. Nd2 Bf4 32. Re4 Re8 33. a4 Rxe4
34. Nxe4 Bf3 35. Nf6 Bg3 36. axb5 axb5 37. Bxb5 Bxh4 38. d6 Bg3 39. Nh7+ Kg7
40. d7 Bc7 1-0

[Event "42. Torneo Capablanca In Memoriam-Open"]
[Site "La Habana CUB"]
[Date "2007.05.27"]
[Round "9.20"]
[White "Soto Paez, Oliver"]
[Black "Perez Rodriguez, Luis Manuel"]
[Result "1/2-1/2"]
[WhiteElo "2350"]
[BlackElo "2455"]
[PlyCount "39"]
[EventDate "2007.05.18"]
[EventType "swiss"]
[EventRounds "9"]
[EventCountry "CUB"]
[Source "lmi"]
[SourceDate "2007.05.18"]

1. e4 e5 2. Nf3 Nc6 3. Bb5 a6 4. Ba4 Nf6 5. O-O Be7 6. Re1 b5 7. Bb3 d6 8. c3
O-O 9. h3 Na5 10. Bc2 c5 11. d4 Nd7 12. Nbd2 exd4 13. cxd4 Nc6 14. Nf1 cxd4 15.
Nxd4 Nxd4 16. Qxd4 Bb7 17. Ne3 Nc5 18. Nd5 Bxd5 19. Qxd5 Bf6 20. Rd1 1/2-1/2

[Event "42. Torneo Capablanca In Memoriam-Open"]
[Site "La Habana CUB"]
[Date "2007.05.27"]
[Round "9.21"]
[White "Gonzalez Perez, Arian"]
[Black "Sariego, Wilfredo"]
[Result "1-0"]
[WhiteElo "2430"]
[BlackElo "2328"]
[PlyCount "101"]
[EventDate "2007.05.18"]
[EventType "swiss"]
[EventRounds "9"]
[EventCountry "CUB"]
[Source "lmi"]
[SourceDate "2007.05.18"]

1. e4 c5 2. Nf3 d6 3. d4 cxd4 4. Nxd4 Nf6 5. Nc3 Nc6 6. Bc4 e5 7. Nf3 Be6 8.
Bb3 h6 9. O-O Be7 10. Re1 O-O 11. Nd5 Na5 12. Nxf6+ Bxf6 13. Bd5 Rc8 14. Be3
Bxd5 15. Qxd5 b6 16. Qd3 Qc7 17. c3 Be7 18. Nd2 Nc4 19. Nxc4 Qxc4 20. Qxc4 Rxc4
21. f3 f5 22. exf5 Rxf5 23. Red1 Rf8 24. a4 Rb8 25. Rd3 Kf7 26. b3 Rc7 27. c4
g5 28. g4 Ke6 29. h4 e4 30. fxe4 gxh4 31. Kh2 Rg8 32. Rg1 Rg6 33. Rd5 Rc8 34.
Kh3 Kd7 35. Bf2 Re6 36. Re1 Re8 37. e5 Bf8 38. Bd4 Bg7 39. Rd1 Rf8 40. Kxh4 Rf3
41. b4 Bf8 42. exd6 Re2 43. Kh5 Re6 44. Kh4 Re2 45. Bg1 Rc2 46. c5 Bg7 47. Kh5
Rg2 48. c6+ Kxc6 49. d7 Rh3+ 50. Kg6 Rxg4+ 51. Kh7 1-0

[Event "42. Torneo Capablanca In Memoriam-Open"]
[Site "La Habana CUB"]
[Date "2007.05.27"]
[Round "9.22"]
[White "Perez Garcia, Rodney"]
[Black "Jimenez, Pedro A"]
[Result "1/2-1/2"]
[WhiteElo "2421"]
[BlackElo "2292"]
[PlyCount "53"]
[EventDate "2007.05.18"]
[EventType "swiss"]
[EventRounds "9"]
[EventCountry "CUB"]
[Source "lmi"]
[SourceDate "2007.05.18"]

1. e4 c5 2. Nf3 e6 3. b3 d6 4. Bb2 Nf6 5. Bb5+ Bd7 6. Bxd7+ Nbxd7 7. Qe2 e5 8.
O-O g6 9. c3 Bg7 10. d4 O-O 11. dxe5 dxe5 12. Na3 Qc7 13. Rad1 a6 14. Rd2 Rad8
15. Rfd1 Nb8 16. Nc4 Nc6 17. Ne3 Ne7 18. Rxd8 Rxd8 19. Rxd8+ Qxd8 20. Nxe5 Nxe4
21. Nxf7 Kxf7 22. Qc4+ Ke8 23. Qxe4 Qd2 24. Nc2 Qd1+ 25. Ne1 Qd2 26. Nc2 Qd1+
27. Ne1 1/2-1/2

[Event "42. Torneo Capablanca In Memoriam-Open"]
[Site "La Habana CUB"]
[Date "2007.05.27"]
[Round "9.24"]
[White "Morales, Pedro"]
[Black "Santos, Marcus Vinicius Mor"]
[Result "1-0"]
[WhiteElo "2340"]
[BlackElo "2401"]
[PlyCount "57"]
[EventDate "2007.05.18"]
[EventType "swiss"]
[EventRounds "9"]
[EventCountry "CUB"]
[Source "lmi"]
[SourceDate "2007.05.18"]

1. e4 e5 2. Nf3 Nc6 3. Bb5 f5 4. Nc3 fxe4 5. Nxe4 d5 6. Nxe5 dxe4 7. Nxc6 Qd5
8. c4 Qd6 9. Nxa7+ Bd7 10. Bxd7+ Qxd7 11. Nb5 Nf6 12. O-O c6 13. Nc3 Bc5 14. d3
exd3 15. Re1+ Be7 16. Na4 Qf5 17. Re3 O-O 18. Rxe7 Ng4 19. Qe1 Rxa4 20. h3 Nxf2
21. b3 d2 22. Bxd2 Nd3 23. Qe3 Qf6 24. Qxd3 Qxa1+ 25. Re1 Qxa2 26. bxa4 Qxa4
27. Qd4 Qc2 28. Bb4 Ra8 29. Bc3 1-0

[Event "42. Torneo Capablanca In Memoriam-Open"]
[Site "La Habana CUB"]
[Date "2007.05.27"]
[Round "9.25"]
[White "Espinosa, Ermes"]
[Black "Marrero Lopez, Yaniet"]
[Result "1/2-1/2"]
[WhiteElo "2380"]
[BlackElo "2290"]
[PlyCount "80"]
[EventDate "2007.05.18"]
[EventType "swiss"]
[EventRounds "9"]
[EventCountry "CUB"]
[Source "lmi"]
[SourceDate "2007.05.18"]

1. e4 e5 2. Nf3 Nc6 3. Bb5 a6 4. Ba4 Nf6 5. O-O b5 6. Bb3 Be7 7. Re1 d6 8. c3
O-O 9. h3 Na5 10. Bc2 c5 11. d4 Nd7 12. Nbd2 exd4 13. cxd4 Nc6 14. Nf1 cxd4 15.
Nxd4 Nxd4 16. Qxd4 Ne5 17. Qd1 Be6 18. Ne3 Nc6 19. Bb3 Bxb3 20. axb3 Nb4 21.
Nf5 Bf6 22. Bd2 Nc6 23. Bc3 b4 24. Bxf6 Qxf6 25. Qd5 Ne7 26. Qxd6 Nxf5 27. Qxf6
gxf6 28. exf5 Rfd8 29. Red1 Rxd1+ 30. Rxd1 Rc8 31. Rd2 a5 32. f3 h5 33. h4 Rc1+
34. Kf2 Kg7 35. g4 Rh1 36. Kg3 Rg1+ 37. Kf4 Rh1 38. Kg3 Rg1+ 39. Kh2 Re1 40.
Kg3 Rh1 1/2-1/2

[Event "42. Torneo Capablanca In Memoriam-Open"]
[Site "La Habana CUB"]
[Date "2007.05.27"]
[Round "9.26"]
[White "Hevia, Alejano Carlos A"]
[Black "Alonso Garcia, Rene"]
[Result "0-1"]
[WhiteElo "2315"]
[BlackElo "2368"]
[PlyCount "100"]
[EventDate "2007.05.18"]
[EventType "swiss"]
[EventRounds "9"]
[EventCountry "CUB"]
[Source "lmi"]
[SourceDate "2007.05.18"]

1. d4 Nf6 2. Nf3 d5 3. c4 e6 4. e3 c5 5. Nc3 cxd4 6. exd4 Bb4 7. cxd5 Nxd5 8.
Bd2 Nc6 9. Bd3 Nf6 10. O-O O-O 11. Bg5 Be7 12. Rc1 Nd5 13. Bxe7 Ncxe7 14. Bb1
b6 15. Ng5 Nf5 16. Qh5 h6 17. Bxf5 exf5 18. Nh3 Be6 19. Qe2 Qh4 20. Qd2 Rad8
21. Rfd1 Rd7 22. b3 Rfd8 23. Nxd5 Bxd5 24. Nf4 Bb7 25. Qe3 g5 26. Ne2 f4 27.
Qd3 f3 28. gxf3 Qh3 29. Rc3 g4 30. Qf5 Bxf3 31. Nf4 Qh4 32. Re1 Qg5 33. Qxg5+
hxg5 34. Ne2 Kg7 35. Re3 Kg6 36. Rd3 f5 37. Re3 f4 38. Re6+ Kg7 39. Nc3 Rxd4
40. Re7+ Kf8 41. Rxa7 Rc8 42. Rae7 g3 43. Nb1 gxh2+ 44. Kxh2 Rd6 45. Rh7 Rcc6
46. Rh8+ Kg7 47. Rh3 Rh6 48. Re7+ Kf8 49. Rh7 Rxh7 50. Rxh7 Rc1 0-1